Hinduism in the world: migrations and global presence

"This book explores Hindu religion from a global perspective and investigates the presence of Hindu religious traditions and some of their diversity worldwide. Hindu traditions are on the move and are established in many new locations around the world and old and new traditions are continuously...

Full description

Saved in:  
Bibliographic Details
Main Author: Jacobsen, Knut A. 1956- (Author)
Format: Print Book
Language:English
Subito Delivery Service: Order now.
Check availability: HBZ Gateway
Interlibrary Loan:Interlibrary Loan for the Fachinformationsdienste (Specialized Information Services in Germany)
Published: London New York Routledge 2025
In:Year: 2025
Standardized Subjects / Keyword chains:B Hinduism / Migration / Globalization
RelBib Classification:AD Sociology of religion; religious policy
BK Hinduism, Jainism, Sikhism
Further subjects:B Hindus Migrations History
B Hinduism
Online Access: Table of Contents
Blurb
Parallel Edition:Erscheint auch als: 9781003024026

MARC

LEADER 00000cam a2200000 c 4500
001 1948879948
003 DE-627
005 20260310171052.0
007 tu
008 260115s2025 xx ||||| 00| ||eng c
010 |a  2024060846 
020 |a 9780367903732  |q : pbk 
020 |a 9780367901462  |q : hbk 
035 |a (DE-627)1948879948 
035 |a (DE-599)BVBBV050294063 
035 |a (DE-604)BV050294063 
040 |a DE-627  |b ger  |c DE-627  |e rda 
041 |a eng 
050 0 |a BL1151.3 
084 |a 0  |2 ssgn 
084 |a BE 8036  |2 rvk  |0 (DE-625)rvk/10669: 
100 1 |e VerfasserIn  |0 (DE-588)121355527  |0 (DE-627)081253079  |0 (DE-576)177442417  |4 aut  |a Jacobsen, Knut A.  |d 1956- 
109 |a Jacobsen, Knut A. 1956-  |a Jacobsen, Knut Axel 1956- 
245 1 0 |a Hinduism in the world  |b migrations and global presence  |c Knut A. Jacobsen 
264 1 |a London  |a New York  |b Routledge  |c 2025 
300 |a 203 Seiten  |b Illustrationen 
336 |a Text  |b txt  |2 rdacontent 
337 |a ohne Hilfsmittel zu benutzen  |b n  |2 rdamedia 
338 |a Band  |b nc  |2 rdacarrier 
520 |a "This book explores Hindu religion from a global perspective and investigates the presence of Hindu religious traditions and some of their diversity worldwide. Hindu traditions are on the move and are established in many new locations around the world and old and new traditions are continuously changing and being invented and reinvented. The chapters of the book explore these processes and some of the many forms of Hinduism found around the world due to Hindu expansions and suggest different ways of understanding these transformations. The different chapters of the book present new case studies based on historical and ethnographic research that expand on the empirical material typically used to generalize about Hinduism in the world and emphasize diversity. A timely overview and analysis of Hinduism outside India, with a focus on the diversity of Hindu traditions and their contemporary transformation in a number of different geographical settings worldwide, this book will be of interest to students and scholars of Hinduism, South Asian religion and society, Asian religions and migration and religion in the contemporary world"-- Provided by publisher 
583 1 |a Archivierung/Langzeitarchivierung gewährleistet  |f FID  |x XA-DE-BW  |2 pdager  |5 DE-21 
650 0 |a Hinduism  |0 http://id.loc.gov/authorities/subjects/sh85060932  |2 DLC 
650 0 |a Hindus  |x Migrations  |x History  |2 DLC 
652 |a AD:BK 
689 0 0 |d s  |0 (DE-588)4024955-4  |0 (DE-627)106295438  |0 (DE-576)208958487  |2 gnd  |a Hinduismus 
689 0 1 |d s  |0 (DE-588)4120730-0  |0 (DE-627)105774456  |0 (DE-576)209537477  |2 gnd  |a Migration 
689 0 2 |d s  |0 (DE-588)4557997-0  |0 (DE-627)302297111  |0 (DE-576)213686155  |2 gnd  |a Globalisierung 
689 0 |5 DE-101 
776 1 |z 9781003024026 
776 0 8 |i Erscheint auch als  |n Online-Ausgabe  |z 9781003024026 
856 4 2 |u https://swbplus.bsz-bw.de/bsz1948879948inh.htm  |m V:DE-576  |m B:DE-21  |v 20260224200608  |3 Inhaltsverzeichnis  |7 1 
856 4 2 |u https://swbplus.bsz-bw.de/bsz1948879948kla.htm  |m V:DE-576  |m B:DE-21  |v 20260224200608  |3 Klappentext  |7 1 
936 r v |a BE 8036  |b Einfluss auf Kultur, Politik, Wirtschaft und andere Lebensbereiche  |k Theologie und Religionswissenschaften  |k Religionswissenschaft  |k Religionsgeschichte  |k Indien  |k Hinduismus, Bhakti  |k Einfluss auf Kultur, Politik, Wirtschaft und andere Lebensbereiche  |0 (DE-627)1271867958  |0 (DE-625)rvk/10669:  |0 (DE-576)201867958 
951 |a BO 
ELC |b 1 
ITA |a 1  |t 1 
LOK |0 000 xxxxxcx a22 zn 4500 
LOK |0 001 4849080979 
LOK |0 003 DE-627 
LOK |0 004 1948879948 
LOK |0 005 20260212103227 
LOK |0 008 260115||||||||||||||||ger||||||| 
LOK |0 040   |a DE-21  |c DE-627  |d DE-21 
LOK |0 852   |a DE-21 
LOK |0 852 1  |c 66 A 559  |9 00 
LOK |0 935   |a theo 
LOK |0 938   |a 2602  |f 1 
LOK |0 939   |a 15-01-26  |b l01 
LOK |0 000 xxxxxcx a22 zn 4500 
LOK |0 001 4932371012 
LOK |0 003 DE-627 
LOK |0 004 1948879948 
LOK |0 005 20260310171052 
LOK |0 008 260310||||||||||||||||ger||||||| 
LOK |0 040   |a DE-Tue135  |c DE-627  |d DE-Tue135 
LOK |0 092   |o n 
LOK |0 852   |a DE-Tue135 
LOK |0 852 1  |9 00 
LOK |0 936ln  |0 1442043571  |a BK 
LOK |0 936ln  |0 1442043016  |a AD 
LOK |0 939   |a 10-03-26  |b l01 
ORI |a TA-MARC-ixtheoa001.raw 
REL |a 1 
STA 0 0 |a Globalization,Globalization,Internationalization,Globalization in art,Hinduism,Hinduism,Migration,Migration,Population movement 
STB 0 0 |a Hindouisme,Hindouisme,Migration,Migration,Mondialisation,Mondialisation 
STC 0 0 |a Globalización,Globalización,Hinduismo,Hinduismo,Migración,Migración 
STD 0 0 |a Globalizzazione,Globalizzazione,Induismo,Induismo,Migrazione,Migrazione 
STE 0 0 |a 全球化,印度教,迁移,移民,迁徙 
STF 0 0 |a 全球化,印度教,遷移,移民,遷徙 
STG 0 0 |a Globalização,Globalização,Hinduísmo,Hinduísmo,Migração,Migração 
STH 0 0 |a Глобализация (мотив),Глобализация,Индуизм (мотив),Индуизм,Миграция (мотив),Миграция 
STI 0 0 |a Ινδουισμός (μοτίβο),Ινδουισμός,Μετανάστευση <μοτίβο>,Μετανάστευση,Αποδημία,Αποδημία (μοτίβο),Παγκοσμιοποίηση (μοτίβο),Παγκοσμιοποίηση 
SUB |a REL 
SYG 0 0 |a Hinduism,Brahmanismus,Vedic religion , Wanderung,Migration,Bevölkerungswanderung,Wanderung,Wanderungen,Wanderungsbewegung , Weltwirtschaft,Weltgesellschaft,Globalisation,Globalization